000 01004naa a22002657a 4500
001 BR8300309
003 BR-BrBNA
005 20250721143215.0
007 ta
008 250630b bl.|||m| |||| 00| 0 por d
040 _aBR-BrBNA
_bpor
_cBiblioteca Nacional de Agricultura
041 _a(Pt)
072 _aF00
_b0390
_bG694
090 _aF00 BR8300309
100 1 _aForti, M.
111 1 _a1. Ciclo de Palestras sobre Jojoba
_cNatal, RN (Brazil)
_d20 Jul 1982
245 1 _aA jojoba em Israel situacao atual
500 _aJojoba Natal, RN (Brasil): 1982. p. 72-101 [Summary (Pt); 28 ref.; 8 tables] (BR8300309-AMS)
773 0 _tPrograma de oleo vegetal para fins energetico [jojoba, mandioca brava, Bahia, Brasil]
_w9530 BR7406636
_gSalvador, BA (Brasil), [nd].
_q11 p.
650 _aPRODUCAO VEGETAL
650 _aJOJOBA
490 _aDocumentos - Empresa de Pesquisa Agropecuaria do Rio Grande do Norte S.A. (Brazil)
_vno. 6
942 _cAMS
_2AGRIS
909 _a202506
_bLúcia
_c55
_dLúcia Elande
999 _c334363
_d334363